[Event "ROM-ch"]
[Site "Bucharest"]
[Date "1998.12.20"]
[Round "12"]
[White "Florescu, Codrut Constantin"]
[Black "Florean, Andrei"]
[Result "1/2-1/2"]
[WhiteElo "2320"]
[BlackElo "2450"]
[Annotator "Ftacnik,L"]
[PlyCount "139"]
[EventDate "1998.12.08"]
[EventType "tourn"]
[EventRounds "15"]
[EventCountry "ROU"]
[EventCategory "9"]
[SourceTitle "CBM 069"]
[Source "ChessBase"]
[SourceDate "1999.04.01"]
[SourceVersion "1"]
[SourceVersionDate "1999.04.01"]
[SourceQuality "1"]

1. e4 c5 2. Nf3 d6 3. d4 cxd4 4. Nxd4 Nf6 5. Nc3 a6 6. Be2 e5 7. Nb3 Be7 8. O-O
O-O 9. a4 Nc6 10. f4 Nb4 11. Kh1 Bd7 12. Be3 (12. Bf3 b5 (12... Rc8 13. Qe2 Qc7
14. Rd1 Qc4 15. Qf2 Ng4 16. Qg3 h5 17. Be2 Qc7 18. f5 Qd8 19. Bxg4 Bh4 20. Qh3
hxg4 21. Qxg4 Nxc2 22. Rb1 Nb4 23. Rxd6 Bxf5 24. Qd1 Be6 25. Rxd8 Rfxd8 26. Nd2
Nd3 {1/2-1/2 Mortensen,E-Nielsen,P/Aarhus 1981/ (49)}) (12... Bc6 13. a5 Rc8
14. Be3 d5 15. fxe5 dxe4 16. Be2 Qxd1 17. Bxd1 Nd7 18. Nd4 Bc5 19. Nxc6 Rxc6
20. Ra4 Bxe3 21. Rxb4 Bd2 {1/2-1/2 Rayner,E-King,D/London 1984/ (21)}) 13. Be3
(13. Bd2 bxa4 (13... Qb6 14. Nxb5 Nxc2 15. Qxc2 axb5 16. a5 Qc6 17. Rfc1 Qxc2
18. Rxc2 Be6 19. Nc1 Rfc8 20. Rc3 Bg4 21. Nd3 Rxc3 22. Bxc3 {1-0 Marcinkiewicz,
A-Fijlstra,E/EU-ch GT235 corr 1985/ (27)}) 14. Nxa4 a5 15. Be3 Rb8 16. Nc3 Ra8
17. Qd2 Qc7 18. Qf2 Rfb8 19. fxe5 dxe5 20. Nc5 Bxc5 21. Bxc5 Nxc2 22. Rac1 {
1-0 Kuzmin,G-Dydyshko,V/Minsk 1982/ (42)}) 13... Qc7 14. Rf2 Rfc8 15. a5 Qc4
16. Rd2 Be8 17. Nc1 Bc6 {1/2-1/2 Ermenkov,E-Ribli,Z/Buenos Aires 1978/ (17)}) (
12. Nd5 Nfxd5 13. exd5 Bf5 14. c3 Bc2 15. Qd2 Bxb3 16. cxb4 Rc8 17. Ra3 Bc4 18.
Rh3 h6 19. b3 Bxe2 20. Qxe2 exf4 21. Bxf4 Bg5 22. Qf2 {1/2-1/2 Gazik,
I-Paladini,J/Sion 1990/ (22)}) 12... Bc6 13. Bf3 b5 (13... Rc8 14. Rf2 Qc7 15.
a5 Rfe8 16. Rd2 Bf8 17. fxe5 dxe5 18. Bb6 Qb8 19. Nc5 Bb5 20. Qg1 Bc4 21. Ra4
Re6 22. Rxb4 Rxb6 23. Rxc4 Rxb2 24. Qc1 Rb5 25. Nxb5 axb5 26. Nd7 Nxd7 27. Rxc8
{1-0 Klovans,J-Gavrikov,V/Minsk/1983/ (27)}) 14. axb5 axb5 15. Qe2 Qc7 16. fxe5
(16. Rfc1 d5 17. Rxa8 Rxa8 18. exd5 Nbxd5 19. Bxd5 Nxd5 20. Nxd5 Bxd5 21. Qxb5
exf4 22. Qxd5 Rd8 23. Bxf4 Qxf4 24. Qf3 Qe5 {0-1 Mestel,A-Tarjan,J/Buenos
Aires/1978/ (41)}) 16... dxe5 17. g4 h6 18. Rg1 (18. g5 hxg5 19. Bxg5 Rfd8 $11)
18... Nh7 19. Rxa8 Rxa8 20. Nd5 Bxd5 $5 {Black is accepting the challenge and
sacrificing the exchange.} (20... Nxd5 21. exd5 Bb7 22. Qxb5 Nf6 $14) 21. exd5
Qxc2 22. Qxc2 Nxc2 23. d6 Bxd6 (23... Rc8 24. dxe7 Nxe3 25. Bc6 Nf6 26. Bxb5
Ned5 27. g5 hxg5 28. Rxg5 $11) 24. Bxa8 Nxe3 25. Bc6 b4 26. Rg3 Nc4 (26... Nd1
27. Rg2 Ne3 28. Rg3 $11) 27. Bb5 (27. Rg2 Nf6 28. Rc2 Ne3 29. Re2 Nfxg4 (29...
Nexg4 $2 30. h3 $18) 30. Bf3 (30. h3 Nf5 $1 $17) 30... e4 31. Bxe4 $11) 27...
Nxb2 (27... Nb6 28. Rd3 Bc7 29. Nc5 Nf6 30. Na6 e4 $13) 28. Rg2 (28. Nd2 Be7
$17) 28... Nd1 29. Rd2 Nc3 30. Rxd6 Nxb5 {[%mdl 1024] The forced sequence has
lead to an interesting endgame with equal chances.} 31. Rd8+ (31. Rd5 $5 Nc3
32. Rd8+ (32. Rxe5 Nf6 $15) 32... Nf8 33. Nc5 b3 34. Nxb3 (34. Nd7 $2 b2 $19)
34... f6 $11) 31... Nf8 32. Rd5 Nc3 33. Rxe5 Ne6 34. Nc5 Nf4 (34... Nxc5 35.
Rxc5 Kh7 36. Rc4 Na2 $11) 35. Re8+ Kh7 36. Ne4 (36. Rb8 Na2 37. Na6 Nd3 38. Kg2
$11) 36... Ncd5 (36... Nxe4 $6 37. Rxe4 Nd3 38. Rd4 Ne5 39. Rxb4 $14) 37. Rb8
g5 38. Nd6 Kg6 39. Rg8+ Kf6 (39... Kh7 40. Rb8 $15) 40. Rh8 Kg7 41. Rb8 Ne3 42.
Ne8+ (42. Rxb4 Nxg4 43. Rb7 Ne5 $15) 42... Kh7 (42... Kg6 43. Rb6+ Ne6 44. Rxb4
$11) 43. Rb7 {White must take care in order to avoid slight disadvantage.} (43.
Rxb4 Nxg4 44. Rb7 Kg6 45. Nd6 Ne5 $15) 43... Nxg4 44. Rxf7+ Kg6 45. Rb7 Nf2+
46. Kg1 N2d3 47. Rb6+ Kh5 (47... Kh7 48. Rb7+) 48. Nf6+ (48. Ng7+ Kg4 49. Rxh6
b3 50. Rb6 b2 $17) 48... Kh4 49. Ne4 h5 50. Rb5 Ne2+ (50... g4 51. Ng3 $11) (
50... Nh3+ 51. Kf1 g4 52. Nf6 Nhf4 53. Nd5 $11) 51. Kg2 Nc3 52. Rxb4 {
Sacrifice of an exchange simplifies the position, black has few chances to
realize his spare pawn.} (52. Nxc3 $2 bxc3 53. Rb3 c2 $19) 52... Nxb4 53. Nxc3
Kg4 54. Ne4 Nd5 55. Nd2 Kf4 (55... Nf4+ 56. Kg1) 56. Kf2 g4 57. Nb3 Nf6 58. Nd4
(58. Nd2 Ne4+ 59. Nxe4 Kxe4 60. Kg3 Kf5 61. h3 $11) 58... h4 59. Ne2+ Ke4 60.
Nc3+ Kd3 61. Nb5 Ne4+ 62. Kg2 Ke3 63. Nc7 (63. h3 $6 g3 64. Nc7 Nc3 65. Ne6 Nd5
$19) 63... h3+ (63... Nc3 64. Ne6 $15) 64. Kg1 Ke2 65. Nd5 Kf3 66. Ne7 Nc3 67.
Nf5 Ne2+ (67... Kf4 68. Ng3 $11) 68. Kh1 Ke4 69. Nh6 Kf4 70. Nxg4 $1 {A bit
less usual outcome, white forces stalemate!} (70. Nxg4 $1 Kxg4 $11) 1/2-1/2

[Event "Asia-ch"]
[Site "Kolkata"]
[Date "2001.08.14"]
[Round "8"]
[White "Barua, Dibyendu"]
[Black "Sadvakasov, Darmen"]
[Result "1-0"]
[WhiteElo "2499"]
[BlackElo "2568"]
[Annotator "Ftacnik,L"]
[PlyCount "71"]
[EventDate "2001.08.09"]
[EventType "swiss"]
[EventRounds "11"]
[EventCountry "IND"]
[SourceTitle "CBM 085"]
[Source "ChessBase"]
[SourceDate "2001.11.13"]
[SourceVersion "1"]
[SourceVersionDate "2001.11.13"]
[SourceQuality "1"]

1. e4 c5 2. Nf3 d6 3. d4 cxd4 4. Nxd4 Nf6 5. Nc3 a6 6. Be2 e5 7. Nb3 Be7 8. O-O
Be6 9. f4 Qc7 10. Kh1 Nbd7 11. Bd3 b5 12. a3 (12. f5 Bc4 13. Qe2 Rc8 $11) 12...
h6 13. Qf3 O-O 14. Bd2 Nb6 (14... exf4 15. Nd4 Ne5 16. Qxf4 $11) 15. Rae1 Nc4
16. f5 Bd7 17. Nd5 $1 {Withg this move Barua will achieve better access for
his pieces to the black's kingside.} Nxd5 18. exd5 Bf6 (18... Nxb2 $2 19. Bxh6
$1 gxh6 (19... Nxd3 20. Qg3 g6 21. fxg6 f6 22. Bxf8 Bxf8 23. cxd3 $18) 20. f6
Bxf6 21. Qxf6 Nxd3 22. cxd3 Kh7 23. Re4 $16) 19. Bc1 e4 20. Bxe4 Nxb2 (20...
Bxb2 $2 21. Bxb2 Nxb2 22. f6 g6 23. Qf4 Kh7 24. Bxg6+ $1 fxg6 25. Re7+ $18) 21.
Qg3 Be5 (21... Kh8 $5) 22. Qh4 Rfe8 $2 (22... Bf6 23. Qg3 (23. Qh5 Rfe8 $15)
23... Kh8 $13) 23. Bxh6 $5 {[%mdl 128] White was dreaming about a chance to
strike against the kingside pawn structure, black is lost.} (23. f6 $1 Qd8 24.
Qh5 Bxf6 25. Bxb2 Bxb2 26. Qxf7+ Kh8 27. Qg6 $18) 23... Na4 (23... gxh6 24. f6
$18) (23... Bc3 24. Bxg7 $1 Bxg7 25. f6 Rxe4 26. Rxe4 Qd8 27. Re7 $18) 24. Qh5
(24. Bxg7 $1 Bxg7 25. f6 Rxe4 26. Rxe4 Qd8 27. Qg5 Qf8 28. Re7 Nb6 29. fxg7
Qxg7 30. Qxg7+ Kxg7 31. Rfxf7+ Kg8 32. Rxd7 Nxd7 33. Rxd7 $18) 24... Bf6 25.
Bg5 Qd8 26. Re3 Bxg5 (26... Nc3 27. Rh3 Kf8 28. Qh8+ Ke7 29. Qxg7 Nxe4 30.
Bxf6+ Nxf6 31. Re3+ Be6 32. fxe6 $18) 27. f6 $1 {In the attack it is always
possible to look for small miracles as the king is just a greatful target.}
Rxe4 (27... gxf6 28. Qh7+ Kf8 29. Qh8+ Ke7 30. Bd3+ Be6 31. Rxe6+ Kd7 32. Qg7
$18) (27... g6 28. Bxg6 $18) 28. fxg7 f6 (28... f5 29. Rxe4 Bf6 (29... Kxg7 30.
Rg4 $1) 30. Re6 Bxg7 31. Qxf5 $16) 29. Rxe4 Nc3 (29... Kxg7 30. h4 Nc3 (30...
Bh6 31. Rfe1 Qf8 32. Re7+ Kg8 33. Rxd7 $18) 31. hxg5 Nxe4 32. Qh6+ Kg8 33. Qg6+
Kh8 34. gxf6 Qg8 35. Qxe4 $18) 30. Qh8+ Kf7 31. Qh7 $1 Qg8 $8 32. Qh5+ Kxg7 33.
Re7+ Kf8 34. Rxd7 Nxd5 (34... Re8 35. Rh7 $18) 35. Rh7 Ne3 36. Rh8 1-0

[Event "Bundesliga 0203"]
[Site "Germany"]
[Date "2002.12.13"]
[Round "7.4"]
[White "Handke, Florian"]
[Black "Sadler, Matthew D"]
[Result "0-1"]
[WhiteElo "2504"]
[BlackElo "2624"]
[Annotator "Ftacnik,L"]
[PlyCount "94"]
[EventDate "2002.10.19"]
[EventType "team-tourn"]
[EventRounds "15"]
[EventCountry "GER"]
[SourceTitle "CBM 093"]
[Source "ChessBase"]
[SourceDate "2003.04.01"]
[SourceVersion "1"]
[SourceVersionDate "2003.04.01"]
[SourceQuality "1"]
[WhiteTeam "Wattenscheid"]
[BlackTeam "Solingen"]
[WhiteTeamCountry "GER"]
[BlackTeamCountry "GER"]

1. e4 c5 2. Nf3 d6 3. d4 cxd4 4. Nxd4 Nf6 5. Nc3 a6 6. Be2 g6 7. g4 h6 8. h4
Bg7 9. Be3 Nc6 10. Rg1 d5 11. Nxc6 bxc6 12. Bd4 dxe4 13. Nxe4 O-O 14. Nxf6+
exf6 (14... Bxf6 15. Bxf6 exf6 16. Qxd8 Rxd8 17. c3 Be6 $11) 15. Qd2 (15. Bc5
Re8 16. Qxd8 Rxd8 17. Rd1 Be6 $11) 15... c5 $6 {Sadler invests a whole pawn
for no apparent reason as the similar endgame could have been achieved without
a sacrifice.} (15... f5 16. Bxg7 Qxd2+ 17. Kxd2 Kxg7 18. g5 Be6 $11) 16. Bxc5
Qxd2+ 17. Kxd2 Rd8+ 18. Bd3 (18. Kc1 f5 19. g5 hxg5 20. hxg5 Bb7 21. Be3 Rac8
$14) 18... f5 19. g5 (19. gxf5 Bxf5 20. Rab1 Rd5 21. b4 Bf6 22. Rh1 Rad8 23.
Rb3 $14) 19... hxg5 20. hxg5 Bxb2 21. Rab1 Bd4 22. Bxd4 (22. Be7 Rd7 23. Bf6
Bxf6 24. gxf6 Rd6 $11) 22... Rxd4 23. Ke3 {It seems, that with best play white
could have had hoped for somewhat better chances.} (23. Rb6 $1 Ra4 24. Ra1 Be6
25. a3 Rd8 (25... a5 26. c4 Rd8 (26... Bxc4 27. Bc2 $18) 27. Kc3 Rxd3+ 28. Kxd3
Bxc4+ 29. Kd4 Kg7 30. Kc5 $16) 26. Rb4 Ra5 27. Ke3 $14) 23... Ra4 24. Rb6 Be6 (
24... Rxa2 25. Rxg6+ fxg6 26. Bc4+ Kf8 27. Bxa2 Bb7 $11) 25. Rgb1 (25. Ra1 Re8
26. Kd2 Rf4 $11) 25... a5 (25... Rxa2 26. c4 Re8 27. Rb8 Bc8+ 28. Kf3 Ra3 29.
R1b3 Rxb3 30. Rxb3 $11) 26. a3 $6 {Handke is loosing the control of his
position and finally ends up in the hopeless endgame.} Kg7 (26... Rxa3 27. Rb8+
Rxb8 28. Rxb8+ Kg7 29. Kd4 Ra1 30. f4 a4 $15) 27. Rd6 (27. Ra1 Rh8 28. c4 Rh3+
29. f3 (29. Kd2 Bxc4 30. Bc2 Raxa3 $19) 29... f4+ 30. Kxf4 Bxc4 $15) 27... Rxa3
28. Rb7 Re8 29. Kd2 Kf8 30. Bb5 (30. Ra7 Rc8 31. Rda6 Rc5 32. Rd6 $15) 30...
Rc8 31. Ra7 (31. Bd3 Ra4 $17) 31... Ra1 32. Bd3 Ra4 33. Rda6 Rc5 34. Ra8+ Kg7
35. f4 (35. Rb6 Rg4 36. Ra7 Re5 37. Rb5 Rxb5 38. Bxb5 f4 39. c4 Rxg5 $17) 35...
Rxf4 36. R8a7 (36. Rxa5 Rxa5 37. Rxa5 Rg4 $19) 36... Re5 37. Rxa5 Rxa5 38. Rxa5
Rg4 39. Ke3 Rxg5 40. Kf4 (40. Kf2 Rg4 41. Rc5 g5 $19) 40... Kf6 41. Ra6 Rg1 42.
c4 g5+ 43. Kf3 f4 $1 44. c5 (44. Ra5 Re1 45. Kf2 Re3 $19) 44... Ke5 45. c6 g4+
46. Ke2 Rc1 47. Ra5+ Bd5 0-1

[Event "FIDE-Wch k.o."]
[Site "Tripoli"]
[Date "2004.06.20"]
[Round "1.3"]
[White "Ramirez Alvarez, Alejandro"]
[Black "Kasimdzhanov, Rustam"]
[Result "0-1"]
[WhiteElo "2542"]
[BlackElo "2652"]
[Annotator "Ftacnik,L"]
[PlyCount "112"]
[EventDate "2004.06.19"]
[EventType "k.o."]
[EventRounds "7"]
[EventCountry "LBY"]
[SourceTitle "CBM 102"]
[Source "ChessBase"]
[SourceDate "2004.09.23"]
[SourceVersion "1"]
[SourceVersionDate "2004.09.23"]
[SourceQuality "1"]

1. e4 c5 2. Nf3 d6 3. d4 cxd4 4. Nxd4 Nf6 5. Nc3 a6 6. Be2 e5 7. Nb3 Be7 8. O-O
O-O 9. Kh1 Nc6 10. a4 Be6 11. f4 exf4 12. Bxf4 d5 13. exd5 Nxd5 14. Nxd5 Qxd5
15. Bf3 (15. Qxd5 Bxd5 16. Rad1 Nb4 (16... Be4 17. Rd7 Bxc2 18. Rxb7 Bxb3 19.
Rxb3 Nd4 20. Rb7 Nxe2 21. Rxe7 Nxf4 22. Rxf4 Rae8 23. Rfe4 Rxe7 24. Rxe7 Rb8
25. Ra7 g6 26. Rxa6 {1/2-1/2 Gonzalez,R-Rodriguez Cespedes,A/Cienfuegos 1996/ 
(26)}) 17. Nd4 Rfe8 18. c3 Nc6 19. Nf5 Bb3 20. Rd7 Bg5 21. Bxg5 Rxe2 22. Rxb7
Bxa4 23. Nd6 f6 24. Bh4 Ne5 25. Nf5 {1-0 Fishbein,A-Byrne,R/New York 1985/ (49)
}) 15... Qc4 16. Be2 Qd5 17. Qxd5 Bxd5 18. Rad1 Be4 $1 $146 {Black has no
opening problems after this logical move.} (18... Rad8 19. Bc7 Rc8 20. Rxd5
Rxc7 21. Rfd1 Rd8 22. c3 g6 23. Kg1 Kg7 24. Kf2 Rxd5 25. Rxd5 Nd8 26. g3 {
1/2-1/2 Van der Wiel,J-De Boer,G/Hilversum 1990/ (26)}) 19. Bd3 (19. Rd7 $1
Bxc2 20. Rxb7 Bxb3 21. Rxb3 Nd4 22. Re3 Nxe2 23. Rxe2 Bb4 24. Re4 a5 $11) 19...
Bxd3 20. Rxd3 Rad8 21. Rfd1 (21. Re3 Rd7 22. Rfe1 Rfd8 23. c3 g5 24. Bg3 f5 $11
) 21... Nb4 $1 22. Rxd8 (22. R3d2 Nxc2 23. Rc1 Nb4 24. Rc7 Bf6 25. Rxb7 Nd3 26.
g3 Rfe8 $15) 22... Rxd8 23. Rxd8+ Bxd8 24. c3 (24. Nd4 Bf6 25. Be3 Bxd4 26.
Bxd4 Nxc2 27. Bb6 f5 $17) 24... Nd3 25. Bc1 {[%mdl 4096] White is already
worse and will have to play very carefully to avoid bigger problems.} (25. Bd6
Nxb2 26. Nc5 b5 27. axb5 axb5 $17) 25... a5 26. c4 (26. Kg1 b5 $1 27. Kf1 bxa4
28. Ke2 Nxb2 29. Nxa5 a3 $19) 26... Ne5 $6 (26... f5 27. g3 g5 28. Kg2 Kf7 $15)
(26... b6 27. h3 h6 28. Kg1 Bf6 29. Be3 Nxb2 30. Bxb6 Nxc4 31. Bxa5 $15) 27. c5
$2 {Antipositional and wrong especially in the light of much better saving
idea 27.Nc5!} (27. Nc5 $1 b6 (27... Nxc4 28. Nxb7 Bc7 29. b3 Ne5 30. g3 f6 31.
Kg2 $11) 28. Nb7 (28. Bf4 Nxc4 29. b3 bxc5 30. bxc4 f5 31. Be3 Bb6 32. g3 Kf7
33. Kg2 Ke6 34. Kf3 Ke5 35. h4 $17) 28... Be7 29. b3 Nd3 30. Be3 Nc5 31. Nxc5
Bxc5 32. Bf4 $11) 27... f6 28. Bd2 Nc6 29. Kg1 Kf7 30. Kf2 Ke6 31. Ke3 Kd5 32.
Kd3 f5 33. Bc3 g6 (33... g5 34. Bd2 f4 35. Bc3 h5 $15) 34. Bd2 Ne5+ 35. Ke2 Nc4
36. Bc3 Bc7 37. h3 Ke4 38. Nd4 (38. Kf1 Be5 39. Nxa5 Nxa5 40. Bxa5 Bxb2 41. Bb6
Kd5 42. Ke2 Bd4 $19) 38... Be5 39. Ne6 {After this meek move Ramirez is lost.
The last chance to put up serious resistance was connected with the move 39.c6!
} (39. Nb3 Bxc3 40. bxc3 f4 41. h4 h6 $17) (39. c6 $1 bxc6 (39... Bxd4 40. Bxd4
bxc6 41. Bc3 f4 42. b3 Ne3 43. Bxa5 Nxg2 44. Bd2 $15) 40. Nxc6 Bxc3 41. bxc3 f4
42. Nd4 Ne3 43. Kf2 Nd1+ 44. Ke1 Nxc3 45. Nc6 Nxa4 46. Nxa5 Nb6 $17) 39... Bxc3
40. bxc3 Kd5 $1 (40... Nb2 41. Nd8 Nxa4 42. Nxb7 Kd5 43. Kd2 Nxc5 44. Nxa5 $15)
41. Nd8 Kxc5 42. Nxb7+ Kb6 43. Nd8 Nb2 44. Ne6 Nxa4 45. Kd2 Nc5 46. Nf8 (46.
Nd4 a4 47. Kc2 Ne4 $19) 46... Ne4+ 47. Kd3 Nf6 {White has no counterplay, the
game is over.} 48. Kc4 g5 49. Ne6 h6 50. Kd4 (50. Kb3 f4 51. Kc4 Ne4 52. Nd4
Nd2+ 53. Kd3 Nf1 $19) 50... Nd7 (50... a4 51. Kc4 f4 52. Kb4 Nd5+ 53. Kxa4
Nxc3+ (53... Ne3 54. h4 Nxg2 55. hxg5 f3 56. gxh6 f2 57. h7 f1=Q 58. h8=Q Qc4+
59. Ka3 $11) 54. Kb3 Nd5 55. Kb2 Ne3 56. h4 gxh4 57. Nxf4 Nxg2 58. Nh3 Kc5 $17)
51. g3 a4 52. c4 (52. Kc4 a3 53. Kb3 Nc5+ 54. Nxc5 Kxc5 55. Kxa3 f4 $19) 52...
a3 53. Kc3 Nc5 54. Nd4 Ne4+ 55. Kb4 (55. Kb3 Nxg3 $19) 55... a2 56. Nb3 f4 0-1

[Event "Linares 18th"]
[Site "Linares"]
[Date "2001.03.06"]
[Round "10"]
[White "Shirov, Alexei"]
[Black "Polgar, Judit"]
[Result "1-0"]
[WhiteElo "2718"]
[BlackElo "2676"]
[Annotator "Ftacnik,L"]
[PlyCount "117"]
[EventDate "2001.02.23"]
[EventType "tourn"]
[EventRounds "10"]
[EventCountry "ESP"]
[EventCategory "19"]
[SourceTitle "CBM 082"]
[Source "ChessBase"]
[SourceDate "2001.05.17"]
[SourceVersion "1"]
[SourceVersionDate "2001.05.17"]
[SourceQuality "1"]

1. e4 c5 2. Nf3 d6 3. d4 cxd4 4. Nxd4 Nf6 5. Nc3 a6 6. Be2 e5 7. Nb3 Be7 8. Be3
Be6 9. Nd5 Nbd7 10. Qd3 Bxd5 11. exd5 Rc8 (11... O-O 12. g4 $1) 12. c4 O-O 13.
O-O a5 (13... Ne8 14. f4 (14. Rac1 Bg5 (14... f5 15. f4 g5 16. fxe5 Nxe5 17.
Qd1 Ng7 18. Nd4 Qd7 19. Kh1 Rce8 20. b4 {1-0 Hansen,C-Lehikoinen,P/Reykjavik/
1998/ (34)}) 15. Nd2 Bxe3 16. Qxe3 Nef6 17. b4 Qb6 18. Qxb6 Nxb6 19. Bd3 g6 {
0-1 Pinter,G-Seres,L/Budapest/2000/ (29)}) (14. Bg4 e4 15. Qxe4 Nef6 16. Qd4
Nxg4 17. Qxg4 Ne5 18. Qe2 Nxc4 19. Bd4 Bf6 20. Rac1 b5 {0-1 Medvegy,
Z-Shariyazdanov,A/Oberwart/2000/ (51)}) 14... exf4 15. Bxf4 Bf6 16. Qd2 Ne5 17.
Rac1 Ng6 18. Be3 Be5 19. Bg4 Rb8 20. g3 {1/2-1/2 Rigo,J-Bouaziz,S/Rome/1982/ 
(89)}) (13... Re8 14. Rfd1 (14. Rac1 g6 15. Nd2 a5 16. Nb1 Nc5 17. Qd1 Nfd7 18.
Nc3 Bg5 19. Bxg5 Qxg5 20. a3 e4 21. b4 {1-0 Yemelin,V-Sammalvuo,T/
Hafnarfjordur/1998/ (40)}) 14... Bf8 15. Qd2 b6 16. Rac1 g6 17. Qe1 h5 18. f3
a5 19. Nd2 Kh7 20. Bd3 Bh6 21. Bc2 Bxe3+ 22. Qxe3 Nc5 23. b3 b5 {0-1 Yemelin,
V-De Firmian,N/Elista/1998/ (44)}) (13... Nc5 14. Nxc5 dxc5 15. f4 Bd6 16. fxe5
Bxe5 17. Rab1 Qd6 18. h3 Rce8 19. Bf3 b6 20. Kh1 Re7 21. b4 {1/2-1/2
Andrijevic,M-Pavlovic,M/Vrsac 2000/ (37)}) 14. Rad1 (14. Rac1 a4 15. Nd2 Nc5
16. Qa3 Nfd7 17. b4 axb3 18. axb3 Ra8 19. Qb2 f5 20. Ra1 Bf6 21. Rxa8 Qxa8 22.
Qc2 e4 23. b4 {1-0 Yemelin,V-Vaulin,A/St Petersburg 1993/ (31)}) (14. Qd2 b6
15. f3 Ne8 16. Rac1 h6 17. Bd3 Bg5 18. Bf5 Bxe3+ 19. Qxe3 Nef6 20. f4 Rb8 21.
fxe5 Nxe5 22. Nd4 Re8 23. Qh3 {1-0 Tseitlin,M-Slutzky,L/Israel/1997/ (40)})
14... b6 (14... a4 15. Nd2 Qa5 16. Qa3 $1) 15. Nd2 Nc5 16. Qc2 Nfd7 (16... b5
17. cxb5 Nxd5 18. Nc4 $14) 17. f3 Bg5 18. Bf2 f5 $1 {Black badly needs
compensation for the weak white squares on the queenside.} 19. Kh1 Qf6 20. Nb1
Qh6 (20... e4 21. fxe4 Nxe4 22. Nc3 Nxf2+ 23. Rxf2 Rce8 24. Bd3 $14) 21. Nc3
Rce8 22. a3 $1 (22. Nb5 Bf4 23. g3 Bg5 24. a3 f4 25. Kg2 a4 26. Nc3 Ra8 $13)
22... e4 (22... Be3 $5 23. b4 Bxf2 24. Rxf2 Qe3 25. Rff1 Na6 $13) 23. b4 e3 24.
Be1 (24. bxc5 $2 exf2 25. c6 Bf4 26. h3 Qh4) 24... Nb7 $6 {[%mdl 32] Polgar
misjudges the consequences of this horrid square for the knight, white gets a
chance to hope for success.} (24... Na6 $142 25. Qa4 axb4 26. axb4 Nab8 27. Qb5
$14) 25. Nb5 (25. g3 f4 $1) 25... f4 26. Nc7 Re5 (26... Re7) 27. Bc3 $6 (27.
Ne6 $5 Rf6 28. Bc3 $16) 27... Re7 28. Ne6 Ra8 $1 29. Qf5 Bh4 $1 (29... Bf6 30.
Bxf6 Qxf6 31. Qxf6 Nxf6 32. Nxf4 axb4 33. axb4 Ra2 34. Rfe1 $16) 30. Qg4 (30.
Bxg7 $2 Rxg7 31. Nxg7 Qxg7 32. Qxf4 Bf2) (30. Qxf4 $2 Rxe6 $19) (30. Nxf4 Rf8
$19) 30... Bf6 (30... Bg3 31. Qh3 Qxh3 32. gxh3 Bh4 33. Nxf4 $16) 31. Bxf6 Qxf6
32. Nxf4 Qb2 33. Qh4 Rf7 (33... Nf6 $5 34. Bd3 h6 35. Rfe1 $14) 34. Bd3 Nf8 $2
{Another misalocation of the piece, the position was still rather playable for
black.} (34... h6 $5 35. Qg3 axb4 36. axb4 Qxb4 37. Ne6 Ne5 $11) 35. Rfe1 Qxa3
(35... axb4 36. axb4 Ra2 37. Re2 Ra1 38. Qe1 Rxd1 39. Qxd1 Qxb4 40. Ne6 $16)
36. Ne6 g6 (36... axb4 37. Ng5 Rf6 38. Bxh7+ Kh8 39. Bf5+ Kg8 40. Be6+ $18) 37.
Ng5 Rg7 38. Qd4 Qxb4 39. Ne4 Nc5 (39... Nd7 40. Rb1 Qa4 41. Ra1 Qb3 42. Reb1
$18) 40. Rb1 Qa3 (40... Nb3 41. Qxe3 $18) 41. Nf6+ Kh8 (41... Kf7 42. Qxe3 Ra7
43. Nxh7 $1 Rxh7 (43... Qxd3 44. Qe8+ Kg8 45. Nf6+ $18) 44. Bxg6+ Nxg6 45. Qxa3
$18) 42. Rxe3 Nxd3 43. Ne8 $1 {The small combination wins an exchange and
decides the issue.} (43. Rxd3 Qc5 44. Rxb6 Nd7 45. Qxc5 Nxc5 46. Ra3 $16) 43...
Rxe8 44. Rxe8 Kg8 45. Re3 Nf2+ 46. Kg1 Qa4 (46... Qa2 47. Rxb6 $1 Qc2 48. Re8
Qd1+ 49. Qxd1 Nxd1 50. Rxd6 $18) 47. Re2 Rc7 (47... Nh3+ 48. gxh3 $16) 48. Kxf2
Rxc4 49. Qxb6 Rc5 50. Qxd6 Qd4+ 51. Kg3 Rxd5 52. Qf4 Qc5 53. Rc1 $1 Rg5+ (53...
g5 54. Qc7 $18) 54. Kh4 Rh5+ 55. Kg4 $1 Qd5 56. Rd2 (56. Qd2 Qxd2 57. Rxd2 Rxh2
$16) 56... Qe6+ 57. Kg3 a4 58. Qc4 Ra5 59. Re2 $1 1-0